[Event "Mecklenburg VP-ch U18"]
[Site "Malchow"]
[Date "2015.02.??"]
[Round "2.10"]
[White "Hagemann, Sven Sebastian"]
[Black "Gazizov, Erik"]
[Result "1-0"]
[WhiteElo "1182"]
[BlackElo "870"]
[PlyCount "79"]
[EventDate "2015.02.04"]
[EventType "swiss"]
[EventRounds "7"]
[EventCountry "GER"]
[SourceTitle "EXT 2022"]
[Source "ChessBase"]
[SourceDate "2021.10.06"]
[SourceVersion "1"]
[SourceVersionDate "2021.10.06"]
[SourceQuality "1"]

1. e4 c5 2. c3 Nc6 3. d4 cxd4 4. cxd4 d6 5. Nc3 a6 6. Nf3 g6 7. Be2 Bg7 8. 0-0 Bd7 9. Be3 Nf6 10. Qd2 0-0 11. Bf4 Ne8 12. Bh6 Qc7 13. Bxg7 Kxg7 14. d5 Ne5 15. Nxe5 dxe5 16. f4 Nf6 17. f5 b5 18. a3 Rab8 19. fxg6 fxg6 20. Bd3 Qc5+ 21. Kh1 a5 22. Qg5 Ra8 23. Qxe5 b4 24. axb4 Qxb4 25. Ne2 Rf7 26. Qc3 Qb6 27. Ng3 Ra7 28. Qe5 Bb5 29. Bxb5 Qxb5 30. Qd4 Ra6 31. Rad1 Kg8 32. e5 Ne8 33. Rxf7 Kxf7 34. Rf1+ Kg8 35. Qf4 Rf6 36. exf6 exf6 37. d6 f5 38. Rd1 Nf6 39. Qd4 Nd7 40. Qd5+ 1-0

[Event "Mecklenburg VP-ch U16"]
[Site "Malchow"]
[Date "2014.02.01"]
[Round "1"]
[White "Hagemann, Sven Sebastian"]
[Black "Schmidt, Alexander"]
[Result "0-1"]
[WhiteElo "1093"]
[BlackElo "1431"]
[PlyCount "92"]
[EventDate "2014.02.01"]
[EventType "swiss"]
[EventRounds "7"]
[EventCountry "GER"]
[SourceTitle "EXT 2017"]
[Source "ChessBase"]
[SourceDate "2016.10.25"]
[SourceVersion "1"]
[SourceVersionDate "2016.10.25"]
[SourceQuality "1"]

1. e4 c5 2. c3 Nc6 3. d4 cxd4 4. cxd4 d6 5. Nc3 g6 6. Nf3 Bg7 7. Bb5 Qb6 8. Be3 Bd7 9. 0-0 Qd8 10. Qd2 a6 11. Bd3 Nf6 12. d5 Na7 13. Bd4 0-0 14. e5 dxe5 15. Bxe5 Nb5 16. Bxb5 Bxb5 17. Rfe1 Qb6 18. Bd4 Qd6 19. Be5 Qd7 20. Rad1 Rfd8 21. b3 a5 22. a4 Ba6 23. Bf4 Ne8 24. Be5 Nd6 25. Bxg7 Kxg7 26. Qd4+ Kg8 27. Qh4 Nf5 28. Qg5 Re8 29. Ne5 Qc7 30. Rc1 f6 31. Ne4 Qxe5 32. Qd2 Rad8 33. Qxa5 Qxd5 34. Rc5 Qxb3 35. Nd2 Qd3 36. Nf3 Nd4 37. Nxd4 Qxd4 38. Rcc1 Qd2 39. Qb6 Rc8 40. Qb3+ Kf8 41. Rcd1 Qc2 42. Qe6 Qxa4 43. Qh3 Kg7 44. Qf3 Rb8 45. Re4 Qc6 46. Qg4 f5 0-1

[Event "Seebach op 16th"]
[Site "Grossenseebach"]
[Date "2005.05.27"]
[Round "4"]
[White "Schwarzmann, Tobias"]
[Black "Hagemann, Sven Sebastian"]
[Result "0-1"]
[WhiteElo "1904"]
[BlackElo "1722"]
[PlyCount "66"]
[EventDate "2005.05.26"]
[EventType "swiss"]
[EventRounds "7"]
[EventCountry "GER"]
[SourceTitle "EXT 2018"]
[Source "ChessBase"]
[SourceDate "2017.10.13"]
[SourceVersion "1"]
[SourceVersionDate "2017.10.13"]
[SourceQuality "1"]

1. e4 c5 2. Nf3 d6 3. d4 cxd4 4. Nxd4 Nf6 5. Nc3 e6 6. Bc4 a6 7. a4 Bd7 8. Be3 Qc7 9. Bb3 Be7 10. 0-0 Nc6 11. Nxc6 Bxc6 12. f3 b6 13. Qe2 0-0 14. Rfd1 Rfd8 15. Bf2 Qb7 16. a5 b5 17. e5 dxe5 18. Qxe5 Nd7 19. Qf4 Nc5 20. Ba2 b4 21. Ne2 b3 22. cxb3 Nd3 23. Qg3 Bd6 24. Qg4 Nxf2 25. Kxf2 Bc5+ 26. Kf1 Qc7 27. b4 Ba7 28. g3 Bb5 29. Qe4 Bc6 30. Qc4 Qb7 31. Qh4 Rdb8 32. Rd3 Bxf3 33. Rad1 Bxe2+ 0-1

[Event "Seebach op 14th"]
[Site "Grossenseebach"]
[Date "2003.06.20"]
[Round "4"]
[White "Lange, Carsten"]
[Black "Hagemann, Sven Sebastian"]
[Result "1-0"]
[WhiteElo "1956"]
[BlackElo "1623"]
[PlyCount "63"]
[EventDate "2003.06.19"]
[EventType "swiss"]
[EventRounds "7"]
[EventCountry "GER"]
[SourceTitle "EXT 2018"]
[Source "ChessBase"]
[SourceDate "2017.10.13"]
[SourceVersion "1"]
[SourceVersionDate "2017.10.13"]
[SourceQuality "1"]

1. c4 c5 2. Nf3 Nf6 3. g3 e6 4. Bg2 d5 5. cxd5 exd5 6. d4 b6 7. 0-0 Be7 8. Nc3 0-0 9. Bg5 Bb7 10. Rc1 Ne4 11. Bxe7 Qxe7 12. dxc5 Nxc3 13. Rxc3 bxc5 14. Ne1 Rd8 15. Nd3 Na6 16. Qa4 Rac8 17. Rfc1 d4 18. Bxb7 Qxb7 19. Ra3 Rd6 20. Rb3 Rb6 21. Nxc5 Qa8 22. Rxb6 Nxc5 23. Rxc5 Rxc5 24. f3 g6 25. Rd6 Rd5 26. Ra6 Qb7 27. Rxa7 Qxb2 28. Qe8+ Kg7 29. Qxf7+ Kh6 30. Qxh7+ Kg5 31. Qh4+ Kf5 32. Rf7+ 1-0